Hello, My Name Is...'L' Quiz Stats

 Plays Quiz Updated Sep 10, 2018

Challenge
Share
Tweet
Score 0/25 Timer 08:00
5 Plays Today
Column % Correct
Leonardo DiCaprio
97.4%
Lisa Kudrow
89%
Larry King
86.5%
Lucille Ball
86.2%
Lionel Richie
86%
Liza Minnelli
85.3%
Liam Neeson
83.3%
Lenny Kravitz
75.3%
LeBron James
72.8%
Leslie Nielsen
72.3%
Liberace
69%
Liv Tyler
66.7%
Louis Armstrong
63.9%
Column % Correct
LaToya Jackson
59.6%
Lily Tomlin
58.2%
Lauren Bacall
57.6%
Lance Bass
57%
Luke Perry
55.5%
Linda Ronstadt
49.6%
Loni Anderson
45.7%
LeAnn Rimes
44.9%
Ludacris
44.2%
LeVar Burton
32.6%
Loretta Lynn
31.9%
Lana Turner
27.7%

You're not logged in!

Compare scores with friends on all Sporcle quizzes.
OR
Log In

You Might Also Like...

Show Comments

Extras

Top Quizzes Today


Score Distribution

Your Account Isn't Verified!

In order to create a playlist on Sporcle, you need to verify the email address you used during registration. Go to your Sporcle Settings to finish the process.

Report this User

Report this user for behavior that violates our Community Guidelines.

Details: